| 000 | 01249nam a22002417a 4500 | ||
|---|---|---|---|
| 005 | 20210325191035.0 | ||
| 008 | s2536 th tha d | ||
| 041 | _atha | ||
| 090 | _aว U660.T5 ย143ก 2536 | ||
| 100 | 0 | _aยรรยง ว่องวิทย์ | |
| 245 | 1 | 0 | _aการจัดการศึกษาระดับปริญญาโทของกองทัพไทย |
| 260 | 3 |
_aกรุงเทพฯ : _bวิทยาลัยป้องกันราชอาณาจักร, _c2536 |
|
| 300 |
_a124 หน้า : _b แผนภูมิ ; _c 28 ซม. |
||
| 650 | 0 | 4 | _aการศึกษาขั้นอุดมศึกษา -- กองทัพไทย -- วิจัย |
| 650 | 0 | 4 | _aการศึกษามหาบัณฑิต -- กองทัพไทย -- วิจัย |
| 650 | 0 | 4 | _aการศึกษาขั้นอุดมศึกษา -- วิจัย |
| 650 | 0 | 4 | _aทหาร -- การศึกษาและการสอน -- วิจัย |
| 650 | 0 | 4 | _aการศึกษาวิชาทหาร -- ไทย |
| 850 | _aNALT | ||
| 942 | _cRSH | ||
| 997 |
_c000000000027235 _kVC |
||
| 998 | _aNISA LAUNGTONGKUM | ||
| 999 |
_c27235 _d27235 |
||